| 000 | 00451nam a2200181Ia 4500 | ||
|---|---|---|---|
| 008 | 220531s9999 xx 000 0 und d | ||
| 041 | _aeng | ||
| 082 |
_a657 _bARO / DHA |
||
| 100 |
_aArora, N. K. / Dhawan, K. R. _935172 |
||
| 245 | _aAccountancy For All | ||
| 250 | _a3RD | ||
| 260 |
_aNew Delhi _bIIMS _c1995 |
||
| 300 | _a290 | ||
| 542 | _d15-07-1997 | ||
| 650 |
_aAccountancy _935173 |
||
| 906 |
_d1997-1998 _f5164 |
||
| 999 |
_c21601 _d21601 |
||